| 000 | 00673nam a2200229Ia 4500 | ||
|---|---|---|---|
| 003 | OSt | ||
| 005 | 20250528105031.0 | ||
| 008 | 210716s2014 xx 000 0 und d | ||
| 020 | _a9789351194620 | ||
| 040 | _cAIMIT LIBRARY | ||
| 041 | _aeng | ||
| 082 |
_a005.7402 _21 _bJOND |
||
| 100 |
_aJones, Don. _9211503 |
||
| 245 |
_aLearn sql server administration in a month of lunches / _cBy Don Jones. |
||
| 250 | _a1st ed. | ||
| 260 |
_aNew Delhi : _bDreamtech Press , _c2014. |
||
| 300 |
_axx,236 p.; _bPB _c25 cm. |
||
| 650 |
_aServer assessment and configuration _9211504 |
||
| 650 |
_aManaging databases _9211505 |
||
| 650 | _2Backup and recovery | ||
| 942 |
_2ddc _cBK |
||
| 999 |
_c194539 _d194539 |
||